Quiz Culture Générale #4 (Spécial Vrai ou faux) - Statistiques

Statistiques générales
  • Ce quiz a été pris 54 fois
  • Le résultat moyen est 7 sur 15
Statistiques - réponses
Question Réponse % Correct
Le miel ne se périme jamais Vrai
92%
Quand il était petit, Julien Neil (l'auteur de la BD Lou !) se faisait appeler Lou dans son cours d'anglais Vrai
75%
Dany Boon a fait une apparition dans la série Miraculous Faux
67%
En France on a le droit d'appeler son cochon Napoléon Faux
58%
Le générique des Zinzins de l'espace a été fait par Iggy Pop Vrai
58%
En 2010, les parisiennes qui portaient des pantalons étaient hors-la-loi Vrai
58%
Dans Pacman, le fantôme bleu (Inky) va fuir Pacman Vrai
50%
Les noix de Macadamia et le Macadam ont été nommé d'après deux scientifique écossais ayant le même patronyme : John McAdam Vrai
50%
Un personnage de la Belle et la bête apparait dans Pocahontas Faux
42%
New York est plus au Nord que Rome Faux
33%
James Bond est mort le 14 février 1989 Vrai
33%
Le héros du film "Les rois de la glisse" est un manchot Corfou Spaghetti Faux
25%
Il existe seulement 1 drapeau officiel de pays avec du violet Faux
17%
Hello Kitty est un chat Faux
8%
Le dromadaire est un chameau Vrai
0%
Aucun quiz correspondant
Distribution des résultats
% des personnes avec chaque résultat
Percentile par nombre de réponses
Votre historique - résultats
Vous n’avez pas pris ce quiz